Govt. of
Madhya Pradesh

Jawaharla Nehru India's Quest (Record no. 35635)

MARC details
000 -LEADER
fixed length control field 004340000a22001690004500
003 - CONTROL NUMBER IDENTIFIER
control field MACL
005 - DATE AND TIME OF LATEST TRANSACTION
control field 20160110172705.0
008 - FIXED-LENGTH DATA ELEMENTS--GENERAL INFORMATION
fixed length control field 160110b xxu||||| |||| 00| 0 eng d
040 ## - CATALOGING SOURCE
Original cataloging agency MACL
Transcribing agency MACL
041 ## - LANGUAGE CODE
Language code of text/sound track or separate title English
082 ## - DEWEY DECIMAL CLASSIFICATION NUMBER
Classification number 923.2/HOR
100 ## - MAIN ENTRY--PERSONAL NAME
Personal name Horrabin, J F
9 (RLIN) 31120
245 ## - TITLE STATEMENT
Title Jawaharla Nehru India's Quest
260 ## - PUBLICATION, DISTRIBUTION, ETC. (IMPRINT)
Name of publisher, distributor, etc. Asia Publishing House
Date of publication, distribution, etc. 1963
Place of publication, distribution, etc. Bombay
650 ## - SUBJECT ADDED ENTRY--TOPICAL TERM
Topical term or geographic name as entry element Biography
9 (RLIN) 31121
942 ## - ADDED ENTRY ELEMENTS (KOHA)
Koha item type Books
Call number prefix 923.2/Hor
Source of classification or shelving scheme
Holdings
Withdrawn status Lost status Source of classification or shelving scheme Damaged status Not for loan Home library Current library Date acquired Total Checkouts Full call number Barcode Date last seen Uniform Resource Identifier Price effective from Koha item type
          MACL MACL 15/04/2015   923.2/HOR CLE015108 29/04/2015 35843 15/04/2015 Books